Catálogo

POR RESPETO AL OTRO : (Registro nro. 60308)

Detalles MARC
000 -LEADER
fixed length control field 00548nam a2200193 a 4500
001 - CONTROL NUMBER
control field 60308
005 - DATE AND TIME OF LATEST TRANSACTION
control field 20180714061525.0
008 - FIXED-LENGTH DATA ELEMENTS--GENERAL INFORMATION
fixed length control field 140415s2006 sp 000 0 spa d
020 ## - INTERNATIONAL STANDARD BOOK NUMBER
International Standard Book Number 9788496611054
041 ## - LANGUAGE CODE
Language code of text/sound track or separate title spa
082 ## - DEWEY DECIMAL CLASSIFICATION NUMBER
Classification number 179
Item number DIA
100 1# - MAIN ENTRY--PERSONAL NAME
Personal name Díaz, Carlos,.
245 10 - TITLE STATEMENT
Title POR RESPETO AL OTRO :
Remainder of title NUEVOS ROSTROS DEL PERSONALISMO
250 ## - EDITION STATEMENT
Edition statement 1a ed.
260 ## - PUBLICATION, DISTRIBUTION, ETC.
Place of publication, distribution, etc. ESPAÑA :
Name of publisher, distributor, etc. FUNDACIÓN EMMANUEL MOUNIER,
Date of publication, distribution, etc. 2006,
300 ## - PHYSICAL DESCRIPTION
Extent 100
490 ## - SERIES STATEMENT
Series statement COLECCIÓN UNA IGLESIA QUE PIENSA
650 14 - SUBJECT ADDED ENTRY--TOPICAL TERM
Topical term or geographic name entry element RESPETO
General subdivision IGLESIA
Existencias
Withdrawn status Lost status Source of classification or shelving scheme Damaged status Not for loan Collection code Home library Current library Shelving location Date acquired Source of acquisition Inventory number Total Checkouts Full call number Barcode Date last seen Date last checked out Price effective from Koha item type
    Dewey Decimal Classification     General Biblioteca Karol Wojtyla Biblioteca Karol Wojtyla Sala general 03/12/2013 Compra 151000000000000000062743 1 179 DIA 2006 90856 13/03/2020 06/04/2019 01/09/2014 Libro